Musnavi Seher-ul-Bayan (Record no. 614351)

000 -LEADER
fixed length control field 00360nam a22001457a 4500
082 ## - DEWEY DECIMAL CLASSIFICATION NUMBER
Classification number 891.439
Author Mark ASH
100 ## - MAIN ENTRY--PERSONAL NAME
Personal name Wahab Ashrafi
245 ## - TITLE STATEMENT
Title Musnavi Seher-ul-Bayan
260 ## - PUBLICATION, DISTRIBUTION, ETC.
Date of publication, distribution, etc. 2012
300 ## - PHYSICAL DESCRIPTION
Extent 135p.
563 ## - BINDING INFORMATION
Binding note HB
880 ## - ALTERNATE GRAPHIC REPRESENTATION
Linkage 100-01\(3\r
Title وہاب اشرفی
880 ## - ALTERNATE GRAPHIC REPRESENTATION
Linkage 245-02\(3\r
Title مثنوی سحرُ البیان
942 ## - ADDED ENTRY ELEMENTS (KOHA)
Source of classification or shelving scheme
Koha item type Book
Holdings
Withdrawn status Lost status Source of classification or shelving scheme Damaged status Not for loan Permanent Location Current Location Date acquired Total Checkouts Full call number Barcode Date last seen Price effective from Koha item type
          Central Library (CL) Central Library (CL) 07/14/2025   891.439 ASH CL-D-2989 07/14/2025 07/14/2025 Book
© 2023 Central Library, National University of Sciences and Technology. All Rights Reserved.